الرحمة بالذات كمتغير معدل بين صعوبات تنظيم الانفعال والاحتراق النفسي لدى العاملين في مجال الصحة النفسية / (رقم التسجيلة. 180594)
[ عرض عادي ]
| 000 -LEADER | |
|---|---|
| fixed length control field | 04402namaa22004211i 4500 |
| 003 - CONTROL NUMBER IDENTIFIER | |
| control field | OSt |
| 005 - أخر تعامل مع التسجيلة | |
| control field | 20260622132333.0 |
| 008 - FIXED-LENGTH DATA ELEMENTS--GENERAL INFORMATION | |
| fixed length control field | 250827s2024 ua a|||frm||| 000 0 eng d |
| 040 ## - CATALOGING SOURCE | |
| Original cataloguing agency | EG-GICUC |
| Language of cataloging | ara |
| Transcribing agency | EG-GICUC |
| Modifying agency | EG-GICUC |
| Description conventions | rda |
| 041 0# - LANGUAGE CODE | |
| Language code of text/sound track or separate title | ara |
| Language code of summary or abstract | ara |
| -- | eng |
| 049 ## - Acquisition Source | |
| Acquisition Source | إيداع |
| 082 04 - DEWEY DECIMAL CLASSIFICATION NUMBER | |
| Classification number | 371.46 |
| 092 ## - LOCALLY ASSIGNED DEWEY CALL NUMBER (OCLC) | |
| Classification number | 371.46 |
| Edition number | 21 |
| 097 ## - Degree | |
| Degree | مــــاجستير |
| 099 ## - LOCAL FREE-TEXT CALL NUMBER (OCLC) | |
| Local Call Number | Cai01.23.04.M.Sc.2024.كر.ر |
| 100 0# - MAIN ENTRY--PERSONAL NAME | |
| Authority record control number or standard number | ،كرستينا رسل عبد الملاك سليمان |
| Preparation | إعداد. |
| 245 10 - TITLE STATEMENT | |
| Title | الرحمة بالذات كمتغير معدل بين صعوبات تنظيم الانفعال والاحتراق النفسي لدى العاملين في مجال الصحة النفسية / |
| Statement of responsibility, etc. | إعداد كرستينا رسل عبد الملاك سليمان؛ إشراف أ. د/ منال عبد النعيم محمد طه، د/ نفيسة فوزي عمر. |
| 246 15 - VARYING FORM OF TITLE | |
| Title proper/short title | Self-compassion as a moderator between emotion regulation difficulties and burnout among mental health professionals / |
| 264 #0 - PRODUCTION, PUBLICATION, DISTRIBUTION, MANUFACTURE, AND COPYRIGHT NOTICE | |
| Date of production, publication, distribution, manufacture, or copyright notice | 2024. |
| 300 ## - PHYSICAL DESCRIPTION | |
| Extent | 132 صفحة : |
| Other physical details | إيضاحيات ؛ |
| Dimensions | 25 سم. + |
| Accompanying material | CD. |
| 336 ## - CONTENT TYPE | |
| Content type term | text |
| Source | rda content |
| 337 ## - MEDIA TYPE | |
| Media type term | Unmediated |
| Source | rdamedia |
| 338 ## - CARRIER TYPE | |
| Carrier type term | volume |
| Source | rdacarrier |
| 502 ## - DISSERTATION NOTE | |
| Dissertation note | أطروحة (ماجستير)-جامعة القاهرة، 2024. |
| 504 ## - BIBLIOGRAPHY, ETC. NOTE | |
| Bibliography, etc. note | ببليوجرافيا: صفحات 113-125. |
| 520 ## - SUMMARY, ETC. | |
| Summary, etc. | هدفت الدراسة إلى الكشف عن دور الرحمة بالذات كمتغير مُعدل في العلاقة بين صعوبات تنظيم الانفعال والاحتراق النفسي لدى العاملين في مجال الصحة النفسية. وتكونت عينة الدراسة من (٢٨١) فردًا من العاملين في مجال الصحة النفسية، منهم (59) طبيبًا نفسيًا و(222) أخصائيًا نفسيًا إكلينيكيًا يعملون في المستشفيات النفسية العامة والخاصة والعيادات النفسية الخاصة. استخدمت الباحثة مقياس الرحمة بالذات لنيف (Neff, 2003) تعريب الباحثة، ومقياس صعوبات تنظيم الانفعال الذي أعدته الباحثة استنادًا إلى نموذج (Gratz & Roemer, 2004)، وأيضًا مقياس ماسلاش للاحتراق النفسي (Maslach, et al., 1981) تعريب الباحثة. وأظهرت النتائج أن الرحمة بالذات تلعب دورًا معدلًا في العلاقة بين صعوبات تنظيم الانفعال والاحتراق النفسي. |
| 520 ## - SUMMARY, ETC. | |
| Summary, etc. | The study aims to reveal the role of self-compassion as a moderator in the relationship between difficulties in emotion regulation and burnout among mental health professionals. The study sample consisted of 281 individuals working in the field of mental health, including 59 psychiatrists and 222 clinical psychologists working in public and private psychiatric hospitals and private psychiatric clinics. The researcher used the Self-Compassion Scale (Neff, 2003) translated by the researcher, and the Emotion Regulation Difficulties Scale prepared by the researcher based on the model (Gratz & Roemer, 2004), in addition to the Maslach Burnout Scale (Maslach, et al., 1981) translated by the researcher. The results indicate a positive correlation between emotion regulation difficulties and burnout. Finally, the results show that self-compassion plays a moderating role in the relationship between emotion regulation difficulties and burnout. |
| 530 ## - ADDITIONAL PHYSICAL FORM AVAILABLE NOTE | |
| Issues CD | صدر أيضًا كقرص مدمج. |
| 546 ## - LANGUAGE NOTE | |
| Text Language | النص بالعربية والملخص باللغة الإنجليزية والعربية. |
| 650 #7 - SUBJECT ADDED ENTRY--TOPICAL TERM | |
| Topical term or geographic name entry element | الارشاد الشخصي |
| Source of heading or term | qrmak |
| 653 #0 - INDEX TERM--UNCONTROLLED | |
| Uncontrolled term | الرحمة بالذات |
| -- | صعوبات تنظيم الانفعال |
| -- | الاحتراق النفسي |
| 700 0# - ADDED ENTRY--PERSONAL NAME | |
| Personal name | منال عبد النعيم محمد طه |
| Relator term | مشرف أطروحة. |
| 700 0# - ADDED ENTRY--PERSONAL NAME | |
| Personal name | نفيسة فوزي عمر |
| Relator term | مشرف أطروحة. |
| 900 ## - Thesis Information | |
| Grant date | 12-10-2024 |
| Supervisory body | منال عبد النعيم محمد طه |
| -- | نفيسة فوزي عمر |
| Discussion body | وفاء محمد عبد الجواد |
| -- | إبراهيم محمد سعد |
| Universities | جامعة القاهرة |
| Faculties | كلية الدراسات العليا للتربية |
| Department | قسم علم النفس الإرشادي |
| 905 ## - Cataloger and Reviser Names | |
| Cataloger Name | Sara Salah |
| 942 ## - ADDED ENTRY ELEMENTS (KOHA) | |
| Source of classification or shelving scheme | Dewey Decimal Classification |
| Koha item type | Thesis |
| Edition | 21 |
| Suppress in OPAC | No |
| Source of classification or shelving scheme | Home library | Current library | Date acquired | Inventory number | Full call number | Barcode | Date last seen | Effective from | Koha item type |
|---|---|---|---|---|---|---|---|---|---|
| Dewey Decimal Classification | المكتبة المركزبة الجديدة - جامعة القاهرة | قاعة الرسائل الجامعية - الدور الاول | 22.06.2026 | 33267 | Cai01.23.04.M.Sc.2024.كر.ر | 01010100033267000 | 22.06.2026 | 22.06.2026 | Thesis |